The Only Country Ending in... - Statistics

General Stats
  • This quiz has been taken 64 times
  • The average score is 31 of 50
Answer Stats
Ending Country % Correct
...q Iraq
93%
...vo Kosovo
89%
...ze Belize
87%
...oa Samoa
87%
...ei Brunei
85%
...ji Fiji
85%
...tu Vanuatu
85%
...we Zimbabwe
85%
...wi Malawi
80%
...di Burundi
78%
...ad Chad
78%
...lu Tuvalu
78%
...um Belgium
74%
...ly Italy
74%
...k Denmark
72%
...pt Egypt
72%
...ny Germany
72%
...li Mali
72%
...h Bangladesh
70%
...er Niger
70%
...ma Panama
70%
...ho Lesotho
67%
...ry Hungary
65%
...el Israel
65%
...il Brazil
63%
...so Burkina Faso
63%
...it Kuwait
61%
...ey Turkey
61%
...g Luxembourg
59%
...ta Malta
59%
...va Moldova
59%
...am Vietnam
59%
...le Chile
54%
...ga Tonga
54%
...ni Eswatini
52%
...ba Cuba
50%
...ua Nicaragua
50%
...ue Mozambique
46%
...ra Andorra
41%
...ro Montenegro
41%
...ka Sri Lanka
41%
...me Suriname
39%
...de Cape Verde
37%
...no San Marino
37%
...re Singapore
37%
...ty Vatican City
37%
...is Saint Kitts and Nevis
35%
...om United Kingdom
35%
...pe Sao Tomé And Principe
33%
...st Ivory Coast
30%
No matching quizzes found
Score Distribution
Percent of People with Each Score
Percentile by Number Answered
Your Score History
You have not taken this quiz